000 nam a22 7a 4500
999 _c7357
_d7357
008 170817b xxu||||| |||| 00| 0 eng d
020 _a007460144-X
100 _aGottfried Byron s
_93895
245 _aProgramming with C
260 _aNew Delhi
_bSchaum`s Outline Series
_c1995